000 00295nam a2200121Ia 4500
008 190216s9999||||xx |||||||||||||| ||und||
100 _aAjitha Prasath Sinh
245 0 _aHindi-Classical Unani Mruthika
260 _b"Kala Prakashan , Varanasi"
300 _a72
650 _aHindi
942 _cBK
999 _c16206
_d16206